000 01612nam a22002057a 4500
999 _c62096
_d62096
003 Ge_BSU
005 20240709110748.0
008 240709s2020 ge ||||| |||| 00| 0 geo d
041 _ageo
080 _a615(076) მ-64
245 _aმზა წამალთფორმების ტექნოლოგია:
_b (პრაქტიკული კურსი): სახელმძღვანელო თბილისის სახელმწიფო სამედიცინო უნივერსიტეტის ფარმაციის ფაკულტეტის სტუდენტებისათვის /
_cალიოშა ბაკურიძე, ლალი მიქაია, ნინო ქურდიანი, ნინო ცაგარეიშვილი, ია წურწუმია, ლაშა ბაკურიძე; რედაქტორი: ვ. ერიაშვილი.
264 _aთბილისი:
_b [გ.გ.],
_c2020.
300 _a257 გვ.:
_b29 სმ .
500 _aსახელმძღვანელო დაბეჭდილია საქართველოს ფარმაცევტთა ასოციაციის მხარდაჭერით
505 _aბიბლიოგრაფია: გვ 254
653 _aფარმაკოლოგია.
700 _aბაკურიძე, ალიოშა
_eავტორი.
_922769
700 _a მიქაია, ლალი,
_eავტორი. და სხვ
_922770
942 _2udc
_cᲬᲘᲒᲜᲘ